00465nam a22001457a 450000500170000000800410001702000180005804100130007608200140008910000390010324500790014226000410022130000320026265000250029420231030120348.0231030b |||||||| |||| 00| 0 eng d a9780702182273 aEnglish  a347.1 MEI aMeintjies-Van der Walt, LlEnglish aDNA in the courtroom : Principles and Practice /cL Meintjies-Van der Walt aCape Town : bJuta & Co. Ltd, c2010 bxviii, 177 pages ; c22 cm. alegal practice bLaw